000 00364pab a2200145 454500
008 180718b2005 xxu||||| |||| 00| 0 eng d
100 _aChoucri, Nazli
245 _aCross-border movements of populations in a `fair globalization'
260 _c2005
300 _ap.44-51.
362 _aMar
650 _aGlobalization
773 _aDevelopment
909 _a70315
999 _c70315
_d70315